000 01548nam a2200373 a 4500
001 207339
003 BLK
005 20240131132427.0
008 180411b bul|||||r ||||||| ||bul||
010 _aKNG00217101000
020 _a978-619-220-103-6
040 _aBLK
041 _aBUL
_cBUL
072 _9178281
_aН85
_xДетска художествена литература Н
080 _aБългарска литература
_b821.163.2
_x-93-34
_z821.163.2-93-34
139 _aПриказник
_bП 87
245 1 0 _aПриказник.
_bПриказки, песнички и стихчета от класиците на българската литература с оригиналните илюстрации от миналия век : книга за всеки български дом
_cотбрани от Румяна Пенчева, Мирела Костадинова.
257 _aBGR
260 _c2017
_9220578
_aСофия
_bLexicon
_fДобрич : ФолиАрт
300 _a360 с.
_bс портр., ил.
_c23 см
380 _aDX
659 7 _9178160
_aН
_xНови книги
700 _aПенчева, Румяна
_eсъстав.
_91478
700 _aКостадинова, Мирела
_eсъстав.
_91478
852 _aЦб 289382
856 4 _qpdf
856 4 _qpdf
942 _cKNG
_n0
_08
944 _aCR
_c15.03.2018
_k30545
_lНора Радева
944 _aED
_c20.03.2018
_kВиолета_Тройчева
999 _c207339
_d207339
999 _d207339
999 _d207339
999 _d207339